Study report on bonded labour (Record no. 1061222)

MARC details
000 -LEADER
fixed length control field 00752nam a2200265Ia 4500
003 - CONTROL NUMBER IDENTIFIER
control field OSt
005 - DATE AND TIME OF LATEST TRANSACTION
control field 20221005131731.0
008 - FIXED-LENGTH DATA ELEMENTS--GENERAL INFORMATION
fixed length control field 221004b |||||||| |||| 00| 0 eng d
037 ## - SOURCE OF ACQUISITION
Terms of availability Textual
040 ## - CATALOGING SOURCE
Original cataloging agency CRL
Transcribing agency CRL
Language of cataloging eng
041 ## - LANGUAGE CODE
Source of code eng
Language code of text/sound track or separate title eng
110 ## - MAIN ENTRY--CORPORATE NAME
Corporate name or jurisdiction name as entry element MUSSOORIE, LAL BAHADUR SHASTRI NATIONAL ACADEMY OF ADMINISTRATION
9 (RLIN) 639989
245 #0 - TITLE STATEMENT
Title Study report on bonded labour
260 ## - PUBLICATION, DISTRIBUTION, ETC.
Date of publication, distribution, etc. 1990
300 ## - PHYSICAL DESCRIPTION
Extent Various pages
Dimensions cm.
490 ## - SERIES STATEMENT
Volume/sequential designation V1
650 ## - SUBJECT ADDED ENTRY--TOPICAL TERM
Topical term or geographic name entry element ECONOMICS
700 ## - ADDED ENTRY--PERSONAL NAME
Personal name MUSSOORIE, LAL BAHADUR SHASTRI NATIONAL ACADEMY OF ADMINISTRATION
9 (RLIN) 639990
942 ## - ADDED ENTRY ELEMENTS (KOHA)
Classification part X:9N.2'N8, N0.1
Koha item type Textual
Source of classification or shelving scheme
Holdings
Withdrawn status Lost status Damaged status Not for loan Home library Current library Date acquired Serial Enumeration / chronology Total Checkouts Full call number Barcode Date last seen Price effective from Koha item type
        Central Library Central Library 2022-10-05 V1   X:9N.2'N8 N0.1 CL1002502 2022-10-05 2022-10-05 Textual
Copyright @ Delhi University Library System